Nadměrný cestovní ruch: příčiny a důsledky

Vysvetlenie pojmu Overtourism (nadmerný cestovný ruch). Negatívne dopady nadmerného cestovného ruchu - sociokultúrne, environmentálne a ekonomické. Regulačné mechanizmy v cestovnom ruchu. Vplyv pandémie COVID-19 na cestovný ruch vo svete.

Gespeichert in:
Bibliographische Detailangaben
1. Verfasser: Fialová, Dana
Format: Buchkapitel
Sprache:Tschechisch
Schlagworte:
Tags: Tag hinzufügen
Keine Tags, Fügen Sie das erste Tag hinzu!

MARC

LEADER 00000naa a2200000 4500
001 0278386
005 20210909073648.9
041 0 |a cze 
044 |a CZ 
245 1 0 |a Nadměrný cestovní ruch: příčiny a důsledky  |c Dana Fialová 
520 |a Vysvetlenie pojmu Overtourism (nadmerný cestovný ruch). Negatívne dopady nadmerného cestovného ruchu - sociokultúrne, environmentálne a ekonomické. Regulačné mechanizmy v cestovnom ruchu. Vplyv pandémie COVID-19 na cestovný ruch vo svete. 
610 2 0 |a ruch cestovný 
610 2 0 |a Česko 
610 2 0 |a turistika 
610 2 0 |a pandémia 
610 2 0 |a koronavírus 
100 1 |a Fialová, Dana